000
00295nam a2200121Ia 4500
008
190216s9999||||xx |||||||||||||| ||und||
100
_a
"Shanti Narayanan,Mittal P K"
245
2
_a
A Textbook Of Matrices
260
_b
S Chand & Co
_c
2009
300
_a
309
650
_a
Mathematics
942
_c
BK
999
_c
32326
_d
32326